| 000 | 00421cam a2200169 4500 | ||
|---|---|---|---|
| 001 | D13167 | ||
| 008 | 090401t1966 xxu||||| |||| 00| 0 eng d | ||
| 035 | _a(Sirsi) u8115 | ||
| 041 | _aeng | ||
| 110 |
_aKnight, Frank and Rutley, Messrs _91575 |
||
| 245 | _aTrend of auction prices 1965 | ||
| 260 |
_aLondon _bKnight, Frank and Rutley _c1966 |
||
| 350 | _a0 | ||
| 520 | _aShelf 104 | ||
| 942 | _n0 | ||
| 948 | _c04/03/1997 | ||
| 999 |
_c86483 _d86483 |
||